| 000 | 01368cam a22003737a 4500 | ||
|---|---|---|---|
| 003 | CHAP | ||
| 005 | 20220329143041.0 | ||
| 008 | 051027s2002 mx r 00010 spa d | ||
| 010 | _a91228 | ||
| 011 | _a92200 | ||
| 020 | _a8476586434 | ||
| 035 | _a102763 | ||
| 040 | _cCHAP | ||
| 082 | 0 | 0 |
_a572 _bC3 |
| 100 | 0 | 0 |
_aCastaingts Teillery, Juan. _919884 |
| 245 | 1 | 0 |
_aSimbolismos del dinero : _bantropología y economía una encrucijada _c/ por Eduardo del Pozo y Roberto Schopflocher |
| 260 |
_aMéxico, D. F. : _bUAM. Iztapalapa _c2002 |
||
| 300 |
_a285 p. : _bdiagramas. |
||
| 490 | 0 |
_aAutores, textos y temas de antropología _v;37 |
|
| 590 |
_aBATCH-UPD _b10 _c20130110 _lUCH01 _h0621 |
||
| 590 |
_aBATCH-UPD _b10 _c20130410 _lUCH01 _h0304 |
||
| 590 |
_aBATCH-UPD _b10 _c20130914 _lUCH01 _h0429 |
||
| 590 |
_aCONVERSION _b10 _c20130109 _lUCH01 _h1351 |
||
| 650 | 1 | 4 |
_aAntropologia. _96133 |
| 650 | 1 | 4 |
_aDinero. _932616 |
| 650 | 1 | 4 |
_aEconomía. _935226 |
| 830 | 0 |
_aAutores, textos y temas de antropología _v;37 _98424 |
|
| 901 | _aBK | ||
| 905 | _aElisama A. H. | ||
| 942 | _cLIBRO | ||
| 949 |
_a572 C3 _bBC _cLIBRO _d33724000966263 _eLIBRO _fc.3 _gI.c/e _h106956 _i102763 _sb _t$271.00 |
||
| 949 |
_a572 C3 _bBC _cLIBRO _d33724000966321 _eLIBRO _fc.2 _gI.c/e _h106955 _i102763 _sb _t$271.00 |
||
| 949 |
_a572 C3 _bBC _cLIBRO _d33724000966388 _eLIBRO _gI.c/e _h106954 _i102763 _sb _t$271.00 |
||
| 999 |
_c91228 _d91228 |
||